• 首页
  • 本馆介绍
  • 公告通知
  • 最新文献
  • 馆藏检索
  • 电子资源
  • 读者导购
  • 参考咨询
  • 我的图书馆
  • 登录
  • 详细信息显示
  • 放入我的书架
  • 预约/预借图书
  • 作者相关作品
  • 分类相关作品
  • 丛书相关作品
  • 出版社相关作品

书目信息

  • 表格格式
  • 工作单格式
  • 卡片格式
题名:
从零开始
    
 
作者: 戴维斯 著 ;魏国荣 , 刘瑛 主译
分册:  
出版信息: 北京   华夏出版社  2017.08
页数: 368页
开本: 26cm
丛书名:
单 册:
中图分类: R651.109
科图分类:
主题词: 脑外伤--nao wai shang--康复医学
电子资源:
ISBN: 978-7-5080-9216-4
000 01456nam0 2200277 450
001 0109110127
005 20201109110336.0
010    @a978-7-5080-9216-4@dCNY79.00
100    @a20181129e20192017em y0chiy50 ea
101 1  @achi@cger
102    @aCN@b110000
105    @aa z 000yy
106    @ar
200 1  @a从零开始@Acong ling kai shi@e脑外伤及其他严重脑损伤后的早期康复治疗@dStarting again@eearly rehabilitation after traumatic brain injury or other severe brain lesion@f(瑞士)帕特里夏·M. 戴维斯(Patricia M. Davies)著@g魏国荣,刘瑛主译@zeng
210    @a北京@c华夏出版社@d2017.08@h2019.01
215    @a368页@c图, 照片@d26cm
330    @a本书描述了严重脑外伤及其他原因引起的严重颅脑损伤后的早期康复,治疗内容涵盖患者从发病至恢复,从急救期至行走训练,详解了脑损伤患者康复治疗的全过程。本书为作者多年实际康复经验的总结,配有专门拍摄的康复照片600多幅,生活化,易操作,是临床康复领域一本非常实用性的指导著作。
510 1  @aStarting again@eearly rehabilitation after traumatic brain injury or other severe brain lesion@zeng
517 1  @a脑外伤及其他严重脑损伤后的早期康复治疗@Anao wai shang ji qi ta yan zhong nao sun shang hou de zao qi kang fu zhi liao
606 0  @a脑外伤@Anao wai shang@x康复医学
690    @aR651.109@v5
701  0 @c(瑞士)@a戴维斯@Adai wei si@c(Davies, Patricia M. )@4著
702  0 @a魏国荣@Awei guo rong@4主译
702  0 @a刘瑛@Aliu ying@4主译
801  0 @aCN@bBJSZM@c20201103
905    @b1267645-7@dR651.109@e55@f3
    
    从零开始:脑外伤及其他严重脑损伤后的早期康复治疗=Starting again:early rehabilitation after traumatic brain injury or other severe brain lesion/(瑞士)帕特里夏·M. 戴维斯(Patricia M. Davies)著/魏国荣,刘瑛主译.-北京:华夏出版社,2017.08(2019.01)
    368页:图, 照片;26cm
    
    
    ISBN 978-7-5080-9216-4:CNY79.00
    本书描述了严重脑外伤及其他原因引起的严重颅脑损伤后的早期康复,治疗内容涵盖患者从发病至恢复,从急救期至行走训练,详解了脑损伤患者康复治疗的全过程。本书为作者多年实际康复经验的总结,配有专门拍摄的康复照片600多幅,生活化,易操作,是临床康复领域一本非常实用性的指导著作。
●
相关链接 在E读中查询图书 在五车中查询图书 在当当中查询图书 在豆瓣中查询图书


正题名:从零开始     索取号:R651.109/55         预约/预借

序号 登录号 条形码 馆藏地/架位号 状态 备注
1 1267645   212676451   第二样本阅览室/ [索取号:R651.109/55] 在馆    
2 1267646   212676460   第三借阅区/ [索取号:R651.109/55] 在馆    
3 1267647   212676479   第三借阅区/ [索取号:R651.109/55] 在馆    
唐山师范学院图书馆 欢迎您!
大连网信软件有限公司© 版权所有